000 00295nam a22001097a 4500
999 _c2904
_d2904
008 190405e1989 ag ||||| |||| 00| 0 spa d
100 1 _aCingolani, Horacio
245 _aFisiologia humana de Bernardo Houssay
_d1, 2 y 4
250 _a6a ed.
260 _aBuenos Aires
_bEl Ateneo
_c1989
500 _3Baja